000 00972nas a2200325 4500
001 BR0503093
003 BR-BrBNA
005 20231205105450.0
007 ta
008 230509b bl.|||p| |||| 00| 00por d
040 _aBR-BrBNA
_bpor
_cBiblioteca Nacional de Agricultura
041 _a(Pt)
072 _aQ52; M12
100 1 _aVieira, J.S.
100 1 _aLogato, P.V.R.
100 1 _aRibeiro, P.A.P.
100 1 _aFreitas, R.T.F. de
100 1 _aFialho, E.T.
245 1 _aEfeito do processamento do milho sobre o desempenho e composição de carcaça de piaba (Leporinus friderici)criada em tanques-rede
650 _aPIABA
650 _aRAÇÃO
650 _aMILHO
650 _aPROCESSAMENTO
650 _aAMIDO
650 _aCARCAÇA
650 _aCRIAÇÃO
773 0 _tCiência e Agrotecnologia (Brazil)
_xISSN 1413-7054
_g(Mar-Apr 2005), v. 29(2) p. 453-458
_wBR0503093
909 _a202311
_bLúcia
_c55
_dLúcia Elande
942 _2AGRIS
_n0
_cANA
999 _c183106
_d183106